| 000 | 01964cam a22003735i 4500 | ||
|---|---|---|---|
| 999 |
_c20563 _d20535 |
||
| 003 | EG-ScBUE | ||
| 005 | 20191223115405.0 | ||
| 008 | 150817r20152008enka f 000 0 eng d | ||
| 020 | _a9780194705271 (student's book and online skills practice pack) | ||
| 040 |
_aEG-ScBUE _beng _erda _cEG-ScBUE _dEG-ScBUE |
||
| 082 | 0 | 4 |
_a428.24076 _bHAI _222 |
| 100 | 1 |
_aHaines, Simon F. E. _eauthor. _916122 |
|
| 245 | 1 | 0 |
_aIELTS masterclass. _pStudent's book / _cSimon Haines, Peter May. |
| 264 | 1 |
_aOxford : _bOxford University Press, _c2015. |
|
| 300 |
_axvi, 191 pages : _billustrations (color) ; _c28 cm |
||
| 336 |
_atext _btxt _2rdacontent |
||
| 337 |
_aunmediated _bn _2rdamedia |
||
| 338 |
_avolume _bnc _2rdacarrier |
||
| 500 | _a"First published in 2008"-- Page 4 of cover. | ||
| 520 | _aGet your students thinking and talking, with focused activities to stretch their academic skills and language strategies. Includes an online IELTS practice test. | ||
| 520 | _aA preparation course for students who require IELTS for academic or professional purposes. | ||
| 538 |
_aIELTS online skills practice _iSee the card at the back of this book for access information : _uhttps://www.oxfordenglishtesting.com/DefaultMR.aspx?id=3034&menuId=1 |
||
| 650 | 7 |
_aInternational English Language Testing System _vStudy guides. _2BUEsh _936012 |
|
| 650 | 7 |
_aEnglish language _vExaminations, questions, etc. _2BUEsh |
|
| 650 | 7 |
_aEnglish language _vTextbooks for foreign speakers. _2BUEsh |
|
| 650 | 7 |
_a English language _vSound recordings for foreign speakers. _2BUEsh _936029 |
|
| 650 | 7 |
_aEnglish language _xStudy and teaching as a second language. _2BUEsh |
|
| 650 | 7 |
_aEnglish language _xStudy and teaching _xForeign speakers. _2BUEsh |
|
| 651 | _2BUEsh | ||
| 653 |
_bHHUUEENN _cAugust2015 _cJuly2019 |
||
| 700 | 1 |
_aMay, Peter, _eauthor. |
|
| 856 | 4 | 0 |
_3Access to IELTS online skills practice _uhttps://www.oxfordenglishtesting.com/DefaultMR.aspx?id=3034&menuId=1 |
| 942 |
_2ddc _cBB |
||